| 000 | 00517nam a2200169Ia 4500 | ||
|---|---|---|---|
| 008 | 251210s2024 xx 000 0 und d | ||
| 020 | _a9789394525818 | ||
| 041 | _aeng | ||
| 082 | _a610.73 SRI | ||
| 100 | _aSrinivasan, Muthuvenkatachalam and Vebugopal, Ambili M | ||
| 245 | _aTarget high M.Sc. entrance one nation book for M.Sc. and Ph. D. entrance faculty exam | ||
| 250 | _a2nd ed. | ||
| 260 |
_aNew Delhi _bCBS publishers and Distributors _c2024 |
||
| 300 | _a923p | ||
| 365 | _cRS | ||
| 650 | _aGeneral books | ||
| 999 |
_c64144 _d64144 |
||